Normale Ansicht MARC-Ansicht ISBD

Die Novemberrevolution 1918 in Frankfurt (Oder) (Titelsatznr. 77941)

[ MARC ]
MARC-Details
000 -Satzkennung
Kontrollfeld mit fester Länge 00431nam a2200181 4500
001 - Kontrollnummer
Kontrollfeld 17609
005 - Datum und Zeit der letzten Transaktion
Kontrollfeld 20201125173658.0
007 - Feld mit fester Länge zur physischen Beschreibung - Allgemeine Information
Kontrollfeld mit fester Länge tu
008 - Feld mit fester Länge zur physischen Beschreibung - Allgemeine Angaben
Kontrollfeld mit fester Länge 140320s1969||||||| ger
100 1# - Haupteintragung - Personenname
Personenname Winkler, Joachim
245 04 - Titel
Titel Die Novemberrevolution 1918 in Frankfurt (Oder)
264 ## - Produktion, Veröffentlichung, Distribution, Herstellung und Urheberrechtsvermerk
Datum der Herstellung, der Veröffentlichung, des Vertriebs oder des Urheberschutzvermerks 1969/ 1970
300 ## - Physische Beschreibung
Umfang 66 S. : Anhang
365 ## - Handelspreis
Währungscode
546 ## - Fußnote zur Sprache
Sprache deutsch
650 04 - Nebeneintragung unter einem Schlagwort - Sachschlagwort
Sachschlagwort oder geografischer Name als Eintragungselement Arbeiterklasse
650 04 - Nebeneintragung unter einem Schlagwort - Sachschlagwort
Sachschlagwort oder geografischer Name als Eintragungselement Frankfurt (Oder)
Exemplare
Ausgeschieden Verloren Klassifikation oder Aufstellungssystematik Beschädigt Nicht entleihbar Heimatbibliothek Aufenthaltsbibliothek Erwerbungsdatum Kodierter Standort-Qualifier Anzahl Ausleihen Signatur Letzte Aktivität Exemplarnummer Preis gültig von Koha-Medientyp
    Andere/Generische Klassifikation     Stadtarchiv Frankfurt (Oder) | Archivbibliothek Stadtarchiv Frankfurt (Oder) | Archivbibliothek 25/11/2020 M   Altsignatur: HsM 4°15 Verweis StAFF 3-815 - BA II 20085 25/11/2020 71/ 144 25/11/2020 Bücher